000 00887nam a22002657a 4500
001 7437
003 FISKH
005 20250716082931.0
008 250716b cb ||||| |||| 00| 0 eng d
040 _aFISKH
_beng
_cFISKH
_dFISKH
050 _aQA115 .T357
082 _a513.21
100 _aTang, Greg
245 _aThe best of times :
_bMath strategies that multiply /
_cby Greg Tang ; Illustrated by Harry Briggs
260 _aNew York :
_bScholastic,
_c2002.
300 _a32 pages :
_bcolor illustrations ;
_c26 cm
505 _aL
520 _aSimple rhymes offer hints on how to multiply any number by zero through ten without memorizing the multiplication tables.
521 8 _a520
_bLexile
521 8 _aL
_bRaz-Plus
650 _aProblem Solving
_vStrategies
_xMath Stories
700 _aBriggs, Harry
_eillustrator
942 _2ddc
_cBK
_n0
999 _c7437
_d7437